| 000 | 01150cam a2200325 a 4500 | ||
|---|---|---|---|
| 001 | 16633949 | ||
| 003 | Nust- CAS-E | ||
| 005 | 20180118181354.0 | ||
| 008 | 110202s2011 gaua b 001 0 eng | ||
| 010 | _a 2011000044 | ||
| 020 | _a0881736678 | ||
| 020 | _a0881736686 | ||
| 020 | _a9781439870129 | ||
| 040 |
_aDLC _cDLC _dDLC |
||
| 042 | _apcc | ||
| 050 | 0 | 0 |
_aTK4015 _b.G36 2011 |
| 082 | 0 | 0 |
_a621.312132 _222 _bGEL 2011 |
| 100 | 1 | _aGellings, Clark W. | |
| 245 | 1 | 0 |
_aSaving energy and reducing CO _cClark W. Gellings. |
| 260 |
_aLilburn, GA : _bFairmont Press ; _aBoca Raton, FL : _bDistributed by Taylor & Francis, _cc2011. |
||
| 300 |
_aix, 291 p. : _bill. ; _c24 cm. |
||
| 504 | _aIncludes bibliographical references and index. | ||
| 650 | 0 |
_aElectric power _xConservation. |
|
| 650 | 0 |
_aIndustries _xEnergy conservation. |
|
| 650 | 0 | _aCarbon dioxide mitigation. | |
| 856 | 4 | 1 |
_3Table of contents only _uhttp://www.loc.gov/catdir/toc/fy11pdf04/2011000044.html |
| 906 |
_a7 _bcbc _corignew _d1 _eecip _f20 _gy-gencatlg |
||
| 942 |
_2ddc _cBK |
||
| 999 |
_c355223 _d355223 |
||